000 00417nam a2200193Ia 4500
003 OSt
005 20251029102313.0
008 250729s2003 xx 000 0 und d
020 _a9789350572306
040 _cAL
041 _aeng
082 _a530.2 HASL
100 _aHashmi A H
_9223518
245 _aLight
260 _aNew Delhi
_c2003
300 _a32p
650 _aPhysics
_9223519
942 _2ddc
_cBED
999 _c235948
_d235948